Представление документа в формате RUSMARC

ПолеНазваниеЗначение
  Тип записи a
  Библиографический уровень m
001 Контрольный номер ec001b1067e6486e83112b3a3af9cf4a
005 Дата корректировки 20260420125327.4
010 Индекс ISBN __
a ISBN 978-5-9567-1095-1
100 Данные общей обработки __
a Данные общей обработки 20260420d 0rusy0189## ca
101 Язык документа 0_
a Язык текста rus
102 Страна публикации __
a Страна публикации RU
200 Заглавие и сведения об ответственности 1_
a Заглавие Красивые фигурки из солёного теста
f Первые сведения об ответственности Е. С. Рубцова
210 Выходные данные 1_
a Место издания Ростов-на-Дону
c Издательство Владис
d Дата издания 2010
215 Физическое описание __
a Объем 238, [2] с.
c Иллюстрации/тип воспроизводства цв. ил.
517 Другие варианты заглавия 1_
a Другие варианты заглавия Красивые фигурки из соленого теста
686 Индексы других классификаций __
a Классификационный индекс 77.553.7
700 Автор _1
a Фамилия Рубцова
b Имя (инициалы) Е. С.
g Полное личное имя Елена Сергеевна
801 Источник записи _0
a Страна RU
b Организация УОБДЮ
c Дата составления 20260420
g Правила каталогизации RCR
801 Источник записи _1
a Страна RU
b Организация УОБДЮ
c Дата составления 20260420
g Правила каталогизации RCR
830 Общее примечание каталогизатора __
a Текст примечания Д
852 Данные о местонахождении __
i Авторский знак Р 82
j Шифр хранения 77.55
900 Электронные ресурсы __
a Имя электронного ресурса 593239
901 Тип документа __
t Тип документа m
905 Данные по созданию БЗ __
b Логин пользователя, который создал БЗ imm
909 Создатель записи __
b Дата создания записи 20260420